000 00263nam a2200109Ia 4500
008 140130s9999 xx 000 0 und d
245 _cBaer, Edith
_aThis is the way we go to school
260 _bScholastic,
_c2006
440 _v1
942 _cBK
999 _c41591
_d41591